| 000 -LEADER |
| fixed length control field |
03043mam a2200385 a 4500 |
| 001 - CONTROL NUMBER |
| control field |
1950532 |
| 005 - DATE AND TIME OF LATEST TRANSACTION |
| control field |
20170105102937.0 |
| 008 - FIXED-LENGTH DATA ELEMENTS--GENERAL INFORMATION |
| fixed length control field |
960612s1997 enkb b 001 0 eng |
| 010 ## - LIBRARY OF CONGRESS CONTROL NUMBER |
| LC control number |
96027847 |
| 020 ## - INTERNATIONAL STANDARD BOOK NUMBER |
| International Standard Book Number |
0333646665 (cloth) |
| 020 ## - INTERNATIONAL STANDARD BOOK NUMBER |
| International Standard Book Number |
0312164211 (cloth) |
| 035 ## - SYSTEM CONTROL NUMBER |
| System control number |
(OCoLC)ocm34966185 |
| 035 ## - SYSTEM CONTROL NUMBER |
| System control number |
(NNC)1950532 |
| 040 ## - CATALOGING SOURCE |
| Original cataloging agency |
DLC |
| Transcribing agency |
DLC |
| Modifying agency |
OrLoB-B |
| 043 ## - GEOGRAPHIC AREA CODE |
| Geographic area code |
a-pk--- |
| 050 00 - LIBRARY OF CONGRESS CALL NUMBER |
| Classification number |
DS384 |
| Item number |
.M2718 1997 |
| 082 00 - DEWEY DECIMAL CLASSIFICATION NUMBER |
| Classification number |
320.95491 |
| Edition number |
20 |
| Author Mark |
MAL 1997 |
| 100 1# - MAIN ENTRY--PERSONAL NAME |
| Personal name |
Malik, Iftikhar Haider, |
| Dates associated with a name |
1949- |
| 245 10 - TITLE STATEMENT |
| Title |
State and civil society in Pakistan : |
| Remainder of title |
politics of authority, ideology, and ethnicity / |
| Statement of responsibility, etc. |
Iftikhar H. Malik. |
| 260 ## - PUBLICATION, DISTRIBUTION, ETC. |
| Place of publication, distribution, etc. |
Houndmills, Basingstoke, Hampshire : |
| Name of publisher, distributor, etc. |
Macmillan Press ; |
| Place of publication, distribution, etc. |
New York : |
| Name of publisher, distributor, etc. |
St. Martin's Press, |
| Date of publication, distribution, etc. |
1997. |
| 300 ## - PHYSICAL DESCRIPTION |
| Extent |
xviii, 347 p. : |
| Other physical details |
map ; |
| Dimensions |
23 cm. |
| 490 1# - SERIES STATEMENT |
| Series statement |
St. Antony's series |
| 500 ## - GENERAL NOTE |
| General note |
"In association with St Antony's College Oxford." |
| 504 ## - BIBLIOGRAPHY, ETC. NOTE |
| Bibliography, etc. note |
Includes bibliographical references (p. 327-337) and index. |
| 505 00 - FORMATTED CONTENTS NOTE |
| Title |
State and Civil Society: Conceptualisation -- |
| Miscellaneous information |
1. |
| Title |
Dilemma of Political Culture, National Integration and Constitutionalism -- |
| Miscellaneous information |
2. |
| Title |
Elite Formation, Politics of Ideology and Cooption -- |
| Miscellaneous information |
3. |
| Title |
The Supremacy of the Bureaucracy and the Military -- |
| Miscellaneous information |
4. |
| Title |
Feudalists in Politics: Trans-Regional Elitist Alliance -- |
| Miscellaneous information |
5. |
| Title |
Unilateralism of the State: 'Invisible Government' at Work -- |
| Miscellaneous information |
6. |
| Title |
State and Civil Society in Conflict -- |
| Miscellaneous information |
7. |
| Title |
The Politics of Gender in Pakistan -- |
| Miscellaneous information |
8. |
| Title |
Ethnicity, Nationalism and Nation-Building -- |
| Miscellaneous information |
9. |
| Title |
Sindh: The Politics of Authority and Ethnicity -- |
| Miscellaneous information |
10. |
| Title |
The Rise of the Muhajir Qaumi Movement and Ethnic Politics in Sindh. |
| 520 ## - SUMMARY, ETC. |
| Summary, etc. |
State and Civil Society in Pakistan analyses the enduring problems of governance as experienced in the predominantly Muslim polity of Pakistan in the context of an unequal relationship between the elitist state structure and weak civic institutions. The predicament is largely rooted in the unclear and mutually antagonistic relationship among the forces of authority, ideology and ethnicity. |
| 520 8# - SUMMARY, ETC. |
| Summary, etc. |
Whereas manipulation of Islamic symbols by various regimes has exacerbated sectarianism, their own specific regionalist preferences (Muhajir and Punjabi earlier, and now with a visible Punjabi and Pushtun dispensation) have only politicized ethnicity. Volatile ethnic pluralism in Sindh and its criminalization in Karachi are the latest spectre of uneven politics in this country where successive governments have insisted on administrative rather than compact and consensus-based politico-economic measures. |
| 520 8# - SUMMARY, ETC. |
| Summary, etc. |
Pakistan's difficulties with India help rationalize the continuity of an enormous defence establishment while significant areas like the judiciary, women's progress, education, health and press remain neglected, hampering the empowerment of civil society. |
| 650 #0 - SUBJECT ADDED ENTRY--TOPICAL TERM |
| Topical term or geographic name entry element |
Ethnicity |
| Geographic subdivision |
Pakistan. |
| 651 #0 - SUBJECT ADDED ENTRY--GEOGRAPHIC NAME |
| Geographic name |
Pakistan |
| General subdivision |
Politics and government. |
| 651 #0 - SUBJECT ADDED ENTRY--GEOGRAPHIC NAME |
| Geographic name |
Pakistan |
| General subdivision |
Ethnic relations. |
| 830 #0 - SERIES ADDED ENTRY--UNIFORM TITLE |
| Uniform title |
St. Antony's series. |
| 900 ## - EQUIVALENCE OR CROSS-REFERENCE-PERSONAL NAME [LOCAL, CANADA] |
| Numeration |
TOC |
| 942 ## - ADDED ENTRY ELEMENTS (KOHA) |
| Source of classification or shelving scheme |
|
| Koha item type |
Book |